书目信息 |
| 题名: |
财务管理习题与案例
|
|
| 作者: | 秦志敏, , 牛彦秀, , 陈克兢 主编 | |
| 分册: | ||
| 出版信息: | 大连 东北财经大学出版社 2019.8 |
|
| 页数: | 327页 | |
| 开本: | 21cm | |
| 丛书名: | 东北财经大学会计学系列配套教材 | |
| 单 册: | ||
| 中图分类: | F275-44 | |
| 科图分类: | ||
| 主题词: | 财务管理--cai wu guan li--高等学校--教学参考书 | |
| 电子资源: | ||
| ISBN: | 978-7-5654-3651-2 | |
| 000 | 01803oam2 2200337 450 | |
| 001 | 2131741168 | |
| 005 | 20211003090414.55 | |
| 010 | @a978-7-5654-3651-2@dCNY28.00 | |
| 100 | @a20191030d2019 ekmy0chiy0120 ea | |
| 101 | 0 | @achi |
| 102 | @aCN@b210000 | |
| 105 | @ak q 000yy | |
| 106 | @ar | |
| 200 | 1 | @a财务管理习题与案例@Acai wu guan li xi ti yu an li@dFinancial management : exercises and cases@f秦志敏, 牛彦秀, 陈克兢主编@zeng |
| 205 | @a5版 | |
| 210 | @a大连@c东北财经大学出版社@d2019.8 | |
| 215 | @a327页@c表格@d21cm | |
| 225 | 2 | @a东北财经大学会计学系列配套教材@Adong bei cai jing da xue hui ji xue xi lie pei tao jiao cai |
| 300 | @a普通高等教育“十一五”国家级规划教材 国家级精品课程 国家级精品资源共享课 | |
| 311 | @a本书是《财务管理》(刘淑莲主编,2019年7月第5版)的配套教材 | |
| 330 | @a本书与东北财经大学会计学系列教材 《财务管理》(第 5 版) 的所有篇章的内容保持高度衔接与一致,在第 4版基础上重新修订完善。本书的编者大部分参与了 《财务管理》(刘淑莲主编,2019年 7月第 5版)的编著,编者在对 《财务管理》 教材的内容进行梳理与归纳后,对重点与难点进行了必要的归纳,并且通过预习要览、练习题、案例分析题等形式,力求学生对 《财务管理》 教材融会贯通,加深理解,检验学习效果,强化对考试内容的理解和掌握。本书的主体框架包括:学习目的与要求、预习要览、本章重点与难点、练习题、案例分析题等部分。 | |
| 461 | 0 | @12001 @a东北财经大学会计学系列配套教材 |
| 488 | 0 | @12001 @a财务管理@1205 @@a第5版@1701 0@a刘淑莲 |
| 510 | 1 | @aFinancial management@eexercises and cases@zeng |
| 606 | @a财务管理@Acai wu guan li@x高等学校@j教学参考书 | |
| 690 | @aF275-44@v5 | |
| 701 | 0 | @a秦志敏,@Aqin zhi min ,@f1962-@4主编 |
| 701 | 0 | @a牛彦秀,@Aniu yan xiu ,@f1962-@4主编 |
| 701 | 0 | @a陈克兢@Achen ke jing@4主编 |
| 801 | 0 | @aCN@b百万庄@c20210929 |
| 905 | @b1303550-53@dF275-44@e1787=5@f4 | |
| 财务管理习题与案例=Financial management : exercises and cases/秦志敏, 牛彦秀, 陈克兢主编.-5版.-大连:东北财经大学出版社,2019.8 |
| 327页:表格;21cm.-(东北财经大学会计学系列配套教材) |
| 普通高等教育“十一五”国家级规划教材 国家级精品课程 国家级精品资源共享课 |
| ISBN 978-7-5654-3651-2:CNY28.00 |
| 本书与东北财经大学会计学系列教材 《财务管理》(第 5 版) 的所有篇章的内容保持高度衔接与一致,在第 4版基础上重新修订完善。本书的编者大部分参与了 《财务管理》(刘淑莲主编,2019年 7月第 5版)的编著,编者在对 《财务管理》 教材的内容进行梳理与归纳后,对重点与难点进行了必要的归纳,并且通过预习要览、练习题、案例分析题等形式,力求学生对 《财务管理》 教材融会贯通,加深理解,检验学习效果,强化对考试内容的理解和掌握。本书的主体框架包括:学习目的与要求、预习要览、本章重点与难点、练习题、案例分析题等部分。 |
| ● |
| 相关链接 |
|
|
|
|
正题名:财务管理习题与案例
索取号:F275-44/1787=5
 
预约/预借
| 序号 | 登录号 | 条形码 | 馆藏地/架位号 | 状态 | 备注 |
| 1 | 1303550 | 213035507 | 第一样本阅览室/ [索取号:F275-44/1787=5] | 在馆 | |
| 2 | 1303551 | 213035516 | 第一借阅区/ [索取号:F275-44/1787=5] | 在馆 | |
| 3 | 1303552 | 213035525 | 第一借阅区/ [索取号:F275-44/1787=5] | 在馆 | |
| 4 | 1303553 | 213035534 | 第一借阅区/ [索取号:F275-44/1787=5] | 在馆 |